000 00452nam a2200193Ia 4500
999 _c97884
_d97884
003 0100
005 20180222154850.0
008 130307s9999 xx 000 0 und d
040 _cARRUPELIB
050 _aDT763.H5 1977
100 _aHitchcock, Bob
_930101
245 _aFlashpoint South Africa /
260 _aCape Town
_bDon Nelson
_c1977
300 _a212p.
300 _b24 cm.
650 _aHISTORY
_98438
650 _aSouth Africa
_xRace relations
_929009
650 _aSouth Africa
_xSocial conditions
_931490
650 _aSouth Africa
_xMoral conditions
_939518
942 _2lcc
_cMONOGRAPH